Ligue 1 Top 4 - Statistics

General Stats
  • This quiz has been taken 11,532 times
    4,815 since last reset
  • The average score is 20 of 34
Answer Stats
Team % Correct
Paris Saint-Germain
100%
Olympique Lyonnais
98%
Olympique de Marseille
97%
AS Monaco
96%
Lille OSC
96%
Olympique Lillois
96%
FC Nantes
84%
Girondins de Bordeaux
84%
Montpellier HSC
83%
OGC Nice
83%
AS Saint-Etienne
81%
RC Lens
81%
Stade Brestois 29
81%
Stade Rennais
81%
Toulouse FC
71%
RC Strasbourg
69%
Stade de Reims
69%
RC Paris
68%
AJ Auxerre
62%
FC Metz
53%
Angers SCO
45%
Le Havre AC
44%
FC Sochaux
41%
AS Nancy-Lorraine
40%
SC Bastia
35%
Nîmes Olympique
33%
AS Cannes
29%
Valenciennes FC
26%
FC Rouen
22%
FC Sète
22%
CS Sedan Ardennes
19%
CO Roubaix-Tourcoing
18%
AS Angoulême
5%
SC Fives
5%
No matching quizzes found
Score Distribution
Percent of People with Each Score
Percentile by Number Answered
Your Score History
You have not taken this quiz since the last reset